[Event "7th Karpov"]
[Site "Poikovsky RUS"]
[Date "2006.03.19"]
[Round "2"]
[White "Onischuk,Al"]
[Black "Rublevsky,S"]
[Result "1/2-1/2"]
[WhiteElo "2650"]
[BlackElo "2665"]

1.d4 d5 2.c4 dxc4 3.e4 e5 4.Nf3 exd4 5.Bxc4 Bb4+ 6.Bd2 Bxd2+ 7.Nbxd2 Qf6
8.Nb3 Nc6 9.Bb5 Ne7 10.Qxd4 Qxd4 11.Nfxd4 Bd7 12.O-O-O O-O-O 13.Nc5 Be8 14.Nc2 f5
15.exf5 Nxf5 16.Ne6 Rxd1+ 17.Rxd1 Nd6 18.Bd3 Bd7 19.Re1 Re8 20.Nc5 Rxe1+
21.Nxe1 Bf5 22.Kd2 Nd8 23.Nf3 b6 24.Bxf5+ Nxf5 25.Ne4 Kd7 26.g4 Ne7 27.Ne5+ Ke6
28.f4 Nd5 29.Ng5+ Kd6 30.Nd3 Ne6 31.Nxh7 Ndxf4 32.Nxf4 Nxf4 33.Ng5 Ke5 34.Nf3+ Ke4
35.Ng5+  1/2-1/2

[Event "7th Karpov"]
[Site "Poikovsky RUS"]
[Date "2006.03.20"]
[Round "3"]
[White "Sokolov,Iv"]
[Black "Onischuk,Al"]
[Result "1/2-1/2"]
[WhiteElo "2689"]
[BlackElo "2650"]

1.d4 Nf6 2.c4 e6 3.Nf3 d5 4.Nc3 Bb4 5.cxd5 exd5 6.Bg5 h6 7.Bh4 g5 8.Bg3 Ne4
9.Nd2 Nxc3 10.bxc3 Bxc3 11.Rc1 Bb2 12.Bxc7 Qe7 13.Bd6 Qe6 14.Rb1 Bc3 15.Ba3 Nc6
16.e3 Bxd4 17.Bb5 Be5 18.O-O Bd6 19.Bxd6 Qxd6 20.Ne4 Qe5 21.Qxd5 Qxd5 22.Nf6+ Kf8
23.Nxd5 Ne7 24.Nc7 Rb8 25.f4 Bf5 26.e4 Bxe4 27.Rbe1 Nd5 28.Rxe4 Nxc7 29.Bc4 Ne8
30.Rd4 b5 31.Bb3 Rb7 32.fxg5 hxg5 33.Rd5 Rg8 34.Rxb5 Re7 35.Rff5 g4 36.Rfe5 Rxe5
37.Rxe5 Rg7 38.Rb5 f6 39.Kf2 g3+ 40.hxg3 Rc7 41.Rd5 Ke7 42.Rh5 Ng7 43.Rh7 Kd6
44.Rh1 Rc5 45.g4 Re5 46.Rh8 Re8 47.Rh1 Re5 48.Rh6 Ke7 49.Rh7 Rg5 50.Rh8 Ne6
51.Rh1 Nd4 52.Rh7+ Kd6 53.Rxa7 Nxb3 54.Ra6+ Ke7 55.axb3 Rb5 56.Ra3 Rb4 57.Kg3 Kf7
58.Kh4 Kg6 59.Ra6 Kg7  1/2-1/2

[Event "7th Karpov"]
[Site "Poikovsky RUS"]
[Date "2006.03.21"]
[Round "4"]
[White "Onischuk,Al"]
[Black "Shirov,A"]
[Result "1/2-1/2"]
[WhiteElo "2650"]
[BlackElo "2709"]

1.d4 d5 2.c4 c6 3.Nc3 Nf6 4.Nf3 dxc4 5.a4 Bf5 6.Nh4 e6 7.Nxf5 exf5 8.e3 Bb4
9.Bxc4 O-O 10.O-O Nbd7 11.Qc2 g6 12.f3 Rc8 13.Rd1 Qe7 14.e4 fxe4 15.Nxe4 Nxe4
16.fxe4 c5 17.d5 Qd6 18.a5 a6 19.Rf1 Rce8 20.Bh6 Ne5 21.g3 f6 22.Bxf8 Rxf8
23.Rf4 Kg7 24.Kh1 Rf7 25.b3 Qd8 26.Be2 h5 27.Qc1 Bxa5 28.Qxc5 Bc7 29.Rc1 Bd6
30.Qe3 a5 31.Rff1 b6 32.Rfd1 Ba3 33.Rc6 Nxc6 34.dxc6 Qc7 35.Bb5 Qe5 36.Bc4 Re7
37.Qf4 Rc7 38.Bb5 Kf7 39.Rd5 Qxf4 40.gxf4 Ke6 41.f5+ gxf5 42.Rxf5 Bb2 43.Rxh5 Be5
44.Rh8 Kd6 45.Rd8+ Kc5 46.Rd5+ Kb4 47.Ba4 Rh7 48.Kg2 Rxh2+ 49.Kf3 Ka3 50.Rd7 b5
51.Bxb5 Kxb3 52.Rb7 Rh3+ 53.Kg4 Rc3 54.Kf5 a4 55.c7 Rxc7 56.Rxc7 Bxc7 57.Bxa4+ Kxa4
58.Kxf6  1/2-1/2

[Event "7th Karpov"]
[Site "Poikovsky RUS"]
[Date "2006.03.24"]
[Round "6"]
[White "Onischuk,Al"]
[Black "Zvjaginsev,V"]
[Result "1/2-1/2"]
[WhiteElo "2650"]
[BlackElo "2664"]

1.d4 Nf6 2.c4 e6 3.Nc3 Bb4 4.e3 O-O 5.Nf3 d5 6.Bd3 c5 7.O-O cxd4 8.exd4 dxc4
9.Bxc4 b6 10.Qb3 Bxc3 11.bxc3 Bb7 12.Ne5 Qc7 13.Ba3 Re8 14.Bb5 Nc6 15.Rfe1 Red8
16.Bxc6 Bxc6 17.Be7 Rdc8 18.Bxf6 gxf6 19.Nxc6 Qxc6 20.Re3 Kh8 21.Rg3 Rg8
22.Re1 Rxg3 23.hxg3 Rg8 24.c4 Rc8 25.Qa3 Qxc4 26.Qxa7 Kg7 27.Qxb6 Qxa2 28.Qb1  1/2-1/2

[Event "7th Karpov"]
[Site "Poikovsky RUS"]
[Date "2006.03.26"]
[Round "8"]
[White "Onischuk,Al"]
[Black "Najer,E"]
[Result "1/2-1/2"]
[WhiteElo "2650"]
[BlackElo "2652"]

1.d4 d5 2.c4 c6 3.Nc3 Nf6 4.Nf3 a6 5.a4 e6 6.Bg5 h6 7.Bh4 dxc4 8.e3 b5 9.Be2 Bb7
10.Ne5 Nbd7 11.axb5 axb5 12.O-O Be7 13.Bf3 Nxe5 14.dxe5 Qxd1 15.Rfxd1 Nd5
16.Rxa8+ Bxa8 17.Ra1 Bxh4 18.Rxa8+ Bd8 19.Kf1 Kd7 20.Ne4 Kc7 21.Nd6 Rf8 22.Bxd5 cxd5
23.Nxf7 Kb7 24.Rxd8 Rxf7 25.Ke2 b4 26.f4 g5 27.g3 gxf4 28.exf4 Rc7 29.Kd2 Kb6
30.f5 exf5 31.Rxd5 Rc5 32.Rd6+ Kb5 33.Rxh6 Rxe5 34.Rh4 Re4 35.Rf4 Ka4 36.Rf3 Re5
37.h4 c3+ 38.bxc3 b3 39.Rf4+ Ka3 40.Rb4 Rd5+ 41.Ke3 Re5+ 42.Kf3 Re4 43.Rb8 b2
44.h5 Rc4 45.h6 Rxc3+ 46.Kg2 Rc7 47.Kf3 Rc3+ 48.Kg2 Rc2+ 49.Kf3 Rh2 50.Rb6 Ka2
51.Kf4 Rh5 52.g4 fxg4 53.Kxg4 Rxh6 54.Rxh6 b1=Q 55.Ra6+ Kb2 56.Rb6+ Kc2 57.Rxb1  1/2-1/2

[Event "7th Karpov"]
[Site "Poikovsky RUS"]
[Date "2006.03.27"]
[Round "9"]
[White "Bologan,V"]
[Black "Onischuk,Al"]
[Result "1/2-1/2"]
[WhiteElo "2661"]
[BlackElo "2650"]

1.e4 e5 2.Nf3 Nc6 3.Bb5 a6 4.Ba4 Nf6 5.O-O b5 6.Bb3 Bb7 7.d3 Bc5 8.Nc3 O-O
9.a4 Na5 10.axb5 Nxb3 11.cxb3 axb5 12.Rxa8 Bxa8 13.Nxe5 b4 14.Na4 Be7 15.Nf3 d6
16.Nd4 Re8 17.Nf5 Bf8 18.Bg5 h6 19.Bh4 g6 20.Ne3 Bg7 21.f3 Qb8 22.Bf2 Nd7
23.d4 d5 24.e5 c5 25.f4 cxd4 26.Nc2 g5 27.Nxd4 gxf4 28.Nf5 Rxe5 29.Qg4 Rxf5
30.Qxf5 Qb7 31.Nc5 Nxc5 32.Bxc5 d4 33.Rf2 Qc6 34.Rc2 Qe8 35.Qxf4 d3 36.Rf2 Be4
37.Qe3 Qd7 38.Qd2 Qc6 39.Qe3 Qd5 40.h3 f5 41.Bxb4 Bd4 42.Qg3+ Kh7 43.Qc7+ Kg6
44.Bc3 Bxf2+ 45.Kxf2 Kh5 46.Bd2 Qd4+ 47.Kg3 Bd5 48.Qh7 Qe5+ 49.Bf4 Qe6 50.Kh2 Bxg2
51.Bxh6 Qxh6 52.Qxf5+ Qg5 53.Qh7+ Qh6 54.Qxd3 Bc6 55.Qf5+ Qg5 56.Qh7+  1/2-1/2

[Event "NYC Mayor's Cup"]
[Site "New York USA"]
[Date "2006.06.25"]
[Round "3"]
[White "Gulko,B"]
[Black "Onischuk,Al"]
[Result "1/2-1/2"]
[WhiteElo "2585"]
[BlackElo "2650"]

1.d4 Nf6 2.c4 e6 3.Nf3 d5 4.Nc3 Bb4 5.e3 O-O 6.a3 Bxc3+ 7.bxc3 c5 8.Bb2 Nc6
9.Rc1 b6 10.cxd5 exd5 11.c4 cxd4 12.Nxd4 Ne5 13.cxd5 Qxd5 14.Nb5 Qxd1+ 15.Rxd1 Ned7
16.Bc4 Ba6 17.Nd6 Bxc4 18.Nxc4 Rfc8 19.Nd6 Rc2 20.Rd2 Rxd2 21.Kxd2 Ne8 22.Nf5 g6
23.Ne7+ Kf8 24.Nc6 Nd6 25.Rc1 Nc5 26.Ke2 Nb5 27.Nd4 Nd6 28.f3 Rc8 29.e4 Na4
30.Rxc8+ Nxc8 31.Bc1 Ke8 32.g4 Kd7 33.Kd3 Nc5+ 34.Kc4 Nd6+ 35.Kd5 Na6 36.Ke5 Ne8
37.Nb5 Nc5 38.Be3 a6 39.Nc3 Kc6 40.Kd4 Nd6 41.e5 Ne6+ 42.Kd3 Nb5 43.Nxb5 axb5
44.Kc3 Nc5 45.f4 Na6 46.f5 gxf5 47.gxf5 Nc5 48.Kd4 Nb3+ 49.Ke4 Nc5+ 50.Kd4 Nb3+
51.Kc3 Nc5 52.Bh6 Kd5 53.Bg7 Nd7 54.Kb4 Nxe5 55.Bxe5 Kxe5 56.Kxb5 Kxf5 57.Kxb6 Ke5
58.a4 f5 59.a5 f4 60.a6 f3 61.a7 f2 62.a8=Q f1=Q 63.Qe8+ Kd6 64.Qc6+ Ke7
65.Qc7+ Kf6 66.Qxh7 Qf2+ 67.Kc6 Qf3+ 68.Kd6 Qf4+ 69.Kc6 Qc4+ 70.Kb6  1/2-1/2

[Event "NYC Mayor's Cup"]
[Site "New York USA"]
[Date "2006.06.25"]
[Round "5"]
[White "Onischuk,Al"]
[Black "Kamsky,G"]
[Result "1/2-1/2"]
[WhiteElo "2650"]
[BlackElo "2671"]

1.d4 d5 2.c4 c6 3.Nc3 Nf6 4.Nf3 a6 5.a4 Bg4 6.Qb3 Ra7 7.Ne5 Be6 8.e3 g6 9.Be2 Bg7
10.a5 dxc4 11.Bxc4 Bxc4 12.Nxc4 O-O 13.O-O Ne8 14.Rd1 Nd6 15.e4 Nxc4 16.Qxc4 b5
17.axb6 Qxb6 18.Be3 Rb7 19.Na4 Qb5 20.Rdc1 Rd8 21.h3 h5 22.Ra2 e5 23.Nc5 Qxc4
24.Rxc4 Rb5 25.dxe5 Bxe5 26.f4 Bxb2 27.Nxa6 Nxa6 28.Rxa6 Rd3 29.Bf2 c5 30.Rxc5 Rxc5
31.Bxc5 Bd4+ 32.Bxd4 Rxd4 33.f5 gxf5 34.exf5 Re4  1/2-1/2

[Event "NYC Mayor's Cup"]
[Site "New York USA"]
[Date "2006.06.26"]
[Round "6"]
[White "Ibragimov,I"]
[Black "Onischuk,Al"]
[Result "1/2-1/2"]
[WhiteElo "2637"]
[BlackElo "2650"]

1.c4 e6 2.Nc3 d5 3.d4 Bb4 4.Qa4+ Nc6 5.e3 Nf6 6.Nf3 dxc4 7.Bxc4 O-O 8.O-O Bd6
9.h3 Bd7 10.Qc2 e5 11.a3 a6 12.Ba2 exd4 13.exd4 Ne7 14.Bg5 Bf5 15.Qb3 Rb8
16.Bxf6 gxf6 17.Rfe1 Bg6 18.Ne4 Kg7 19.Qc3 Ng8 20.Rac1 Bf4 21.Rcd1 Re8 22.Nc5 Bd6
23.Rxe8 Qxe8 24.Re1 Qc6 25.b4 Rd8 26.Nh4 Nh6 27.Qc4 Bxc5 28.dxc5 Qd7 29.Bb3 Nf5
30.Nxf5+ Qxf5 31.Re3 Rd2 32.Rf3 Qe5 33.g3 Qe1+ 34.Kg2 Qe4 35.Qc3 Qd4 36.Qxd4 Rxd4
37.Re3 Kf8 38.Kf3 b6 39.cxb6 cxb6 40.Rc3 a5 41.bxa5 bxa5 42.Ke3  1/2-1/2

[Event "NYC Mayor's Cup"]
[Site "New York USA"]
[Date "2006.06.26"]
[Round "7"]
[White "Stripunsky,A"]
[Black "Onischuk,Al"]
[Result "0-1"]
[WhiteElo "2569"]
[BlackElo "2650"]

1.e4 e5 2.Nf3 Nc6 3.Bb5 a6 4.Ba4 Nf6 5.d3 d6 6.c3 g6 7.Bg5 Bg7 8.Nbd2 h6
9.Bh4 O-O 10.Nf1 d5 11.exd5 Qxd5 12.Ne3 Qe6 13.O-O b5 14.Bb3 Qd6 15.d4 exd4
16.Bg3 Qd7 17.cxd4 Nh5 18.Ne5 Nxe5 19.Bxe5 Bb7 20.Qc2 Kh7 21.Rac1 Rac8 22.Rfd1 f6
23.Bg3 f5 24.Be5 f4 25.Bxg7 Kxg7 26.Nf1 f3 27.g3 Nf4 28.Ne3 Ne2+ 29.Kh1 Nxc1
30.Qxc1 Be4 31.d5 Rce8 32.g4 Rf4 33.Qc3+ Kh7 34.Rc1 Re7 35.h3 h5 36.Rg1 hxg4
37.Nxg4 Qd6 38.Rg3 Rf5 39.Ne3 Rh5 40.Kg1 Rf7 41.Bc2 Bxc2 42.Qxc2 Re5 43.Qd3 c6
44.Qd4 cxd5 45.Rg4 Qe6 46.Qd3 Re4 47.Rg3 d4 48.Ng4 Qf5 49.Qd2 Qf4 50.Qc2 Re2
51.Qc6 Qf5 52.Qd6 d3 53.Kh2 d2 54.Ne3 Rxe3  0-1

[Event "NYC Mayor's Cup"]
[Site "New York USA"]
[Date "2006.06.26"]
[Round "9"]
[White "Onischuk,Al"]
[Black "Polgar,Z"]
[Result "1/2-1/2"]
[WhiteElo "2650"]
[BlackElo "2577"]

1.d4 d5 2.c4 dxc4 3.e4 e5 4.Nf3 Bb4+ 5.Bd2 Bxd2+ 6.Nbxd2 exd4 7.Bxc4 Nc6
8.O-O Qf6 9.b4 a6 10.e5 Qg6 11.Nb3 Nge7 12.Nbxd4 O-O 13.Qb3 Bh3 14.Nh4 Qg4
15.Nxc6 Nxc6 16.Qxh3 Qxc4 17.f4 Qxb4 18.Rab1 Qc5+ 19.Kh1 Rad8 20.Rxb7 Qf2
21.Rbb1 Qxa2 22.Nf5 Nd4 23.Ne7+ Kh8 24.f5 Qd2 25.Qh4 Qh6 26.Qxh6 gxh6 27.Rfc1 Rb8
28.Rxb8 Rxb8 29.h3 Nb5 30.Nc6 Rb6 31.f6 h5 32.Rd1 h6 33.Nd8 Kg8 34.Rd7 Nd6
35.Rxc7 Rb8 36.Rd7 Nf5 37.e6 Rb1+ 38.Kh2 Re1 39.Rxf7 Rxe6 40.g4 hxg4 41.hxg4 Rd6
42.gxf5 Rxd8 43.Rg7+ Kf8 44.Kg3 Rd6 45.Rg6 Kf7 46.Rxh6 Rxf6  1/2-1/2

[Event "NYC Mayor's Cup"]
[Site "New York USA"]
[Date "2006.06.26"]
[Round "10"]
[White "Kamsky,G"]
[Black "Onischuk,Al"]
[Result "1/2-1/2"]
[WhiteElo "2671"]
[BlackElo "2650"]

1.e4 e6 2.d4 d5 3.Nc3 Bb4 4.e5 c5 5.a3 Bxc3+ 6.bxc3 Qa5 7.Bd2 Qa4 8.Qb1 c4
9.Ne2 Nc6 10.Nf4 Bd7 11.Be2 O-O-O 12.O-O f6 13.Bg4 Re8 14.Re1 fxe5 15.dxe5 Re7
16.Nh5 Rf7 17.Nf4 Re7 18.Nh5 Rf7 19.Nf4 Re7  1/2-1/2

[Event "Empresa A"]
[Site "Montreal CAN"]
[Date "2006.08.08"]
[Round "1"]
[White "Onischuk,Al"]
[Black "Miton,K"]
[Result "0-1"]
[WhiteElo "2668"]
[BlackElo "2638"]

1.d4 d5 2.c4 dxc4 3.e4 Nc6 4.Nf3 Bg4 5.Bxc4 e6 6.Bb5 Bxf3 7.gxf3 Bb4+ 8.Nc3 Ne7
9.a3 Bxc3+ 10.bxc3 a6 11.Bd3 e5 12.d5 Na5 13.f4 exf4 14.Bxf4 O-O 15.Rg1 Ng6
16.Bg5 Qd6 17.Rg3 c6 18.Qa4 b6 19.c4 f5 20.Rd1 f4 21.Rg1 Ne5 22.Be2 c5 23.Qc2 h6
24.Bh4 b5 25.cxb5 axb5 26.Qc3 b4 27.axb4 cxb4 28.Qh3 Kh7 29.Qe6 Qxe6 30.dxe6 g5
31.Kf1 gxh4 32.Rd5 Nac6 33.f3 Rfe8 34.Kf2 Rxe6 35.Rb1 Ra2 36.Kf1 h3  0-1

[Event "Empresa A"]
[Site "Montreal CAN"]
[Date "2006.08.09"]
[Round "2"]
[White "Mikhalevski,V"]
[Black "Onischuk,Al"]
[Result "1/2-1/2"]
[WhiteElo "2571"]
[BlackElo "2668"]

1.d4 d5 2.c4 c6 3.Nf3 Nf6 4.Nc3 dxc4 5.a4 Bf5 6.Ne5 Nbd7 7.Nxc4 Qc7 8.g3 e5
9.dxe5 Nxe5 10.Bf4 Nfd7 11.Bg2 f6 12.O-O Nc5 13.Ne3 Bg6 14.b4 Ne6 15.b5 Rd8
16.Qb3 Nd4 17.Qb2 Bc5 18.a5 O-O 19.a6 bxa6 20.bxc6 Ndxc6 21.Rxa6 Qc8 22.Ra4 Bd4
23.Ned5 Kh8 24.Rd1 Bc5 25.Rc1 Qd7 26.Nb5 Bb6 27.Nxb6 axb6 28.Be3 Rc8 29.h3 Na5
30.Rd4 Rxc1+ 31.Bxc1 Qe6 32.Nc7 Qb3 33.Qd2 Qf7 34.Rd8 Nb3 35.Qd6 Rxd8 36.Qxd8+ Qg8
37.Qxg8+ Kxg8 38.Ba3 Nc4 39.Be7 Nd4 40.e3 Ne2+ 41.Kh2 Nc3 42.Nd5  1/2-1/2

[Event "Empresa A"]
[Site "Montreal CAN"]
[Date "2006.08.10"]
[Round "3"]
[White "Onischuk,Al"]
[Black "Ibragimov,I"]
[Result "1-0"]
[WhiteElo "2668"]
[BlackElo "2624"]

1.d4 Nf6 2.c4 e6 3.Nc3 Bb4 4.Qc2 O-O 5.e4 d5 6.e5 Ne4 7.Bd3 c5 8.Ne2 Nc6
9.cxd5 exd5 10.O-O cxd4 11.Nxd5 Qxd5 12.Bxe4 Qxe5 13.a3 Re8 14.Bxh7+ Kh8
15.Bd3 Bf8 16.Ng3 Bg4 17.Bd2 Qc5 18.Qxc5 Bxc5 19.f4 Be6 20.Ne4 Bb6 21.Nd6 Red8
22.Nxb7 Rd7 23.Rac1 Rxb7 24.Rxc6 a5 25.Rfc1 Rd8 26.f5 Bd5 27.Rc8 Rb8 28.Rxb8 Rxb8
29.Bf4 Re8 30.Kf2 f6 31.g3 a4 32.Re1 Rc8 33.Re7 Bc4 34.Ke2 Bb3 35.h4 Bc5
36.Rb7 Bd5 37.Rb8 Rxb8 38.Bxb8 Bc6 39.Bc4 Kh7 40.Bf4 Bd7 41.g4 g6 42.Be6 Bb5+
43.Kd2  1-0

[Event "Empresa A"]
[Site "Montreal CAN"]
[Date "2006.08.11"]
[Round "4"]
[White "Onischuk,Al"]
[Black "Korneev,O"]
[Result "1/2-1/2"]
[WhiteElo "2668"]
[BlackElo "2638"]

1.d4 d5 2.c4 c6 3.Nc3 Nf6 4.Nf3 e6 5.Bg5 h6 6.Bxf6 Qxf6 7.e3 Nd7 8.Bd3 dxc4
9.Bxc4 g6 10.O-O Bg7 11.b4 O-O 12.a4 Qe7 13.Qb3 b6 14.b5 c5 15.d5 Ne5 16.Nxe5 Bxe5
17.Rad1 Bxc3 18.Qxc3 exd5 19.Rxd5 Re8 20.Rfd1 Be6 21.R5d2 Bxc4 22.Qxc4 Rad8
23.Rd5 Rxd5 24.Qxd5 Qe4 25.a5 Qxd5 26.Rxd5 Re4 27.Kf1 Rb4 28.a6 Rxb5 29.Rd7 Ra5
30.Rxa7 Ra2 31.e4 b5 32.Rb7 Rxa6 33.Rxb5 Ra1+ 34.Ke2 Ra2+ 35.Ke3 Ra3+ 36.Kd2 Ra2+
37.Ke3  1/2-1/2

[Event "Empresa A"]
[Site "Montreal CAN"]
[Date "2006.08.12"]
[Round "5"]
[White "Eljanov,P"]
[Black "Onischuk,Al"]
[Result "1-0"]
[WhiteElo "2651"]
[BlackElo "2668"]

1.d4 Nf6 2.c4 e6 3.Nc3 Bb4 4.Qc2 d5 5.cxd5 Qxd5 6.e3 c5 7.a3 Bxc3+ 8.bxc3 O-O
9.Nf3 b6 10.c4 Qe4 11.Bd3 Qg4 12.Bb2 cxd4 13.Ne5 Qh5 14.exd4 Bb7 15.O-O Nc6
16.Rae1 Rfd8 17.Nxc6 Bxc6 18.Re3 Rac8 19.Rh3 Qg4 20.f3 Qf4 21.Bxh7+ Kf8 22.Bd3 Rxd4
23.Rh8+ Ng8 24.Bh7 Rd2 25.Qc3 Ke7 26.a4 Qg5 27.g3 Qc5+ 28.Kh1 Rf2 29.Ba3 Bxf3+
30.Qxf3 Rxf1+ 31.Qxf1 Qxa3 32.Rxg8 Rxg8 33.Bxg8 f5 34.Qf4 Qxa4 35.Qg5+ Kd6
36.Qf4+ Ke7 37.Qh4+ Ke8 38.Qh5+ Ke7 39.Qf7+ Kd8 40.Qf8+ Kc7 41.Qxg7+ Kd6
42.Qf8+ Ke5 43.Qb8+ Kf6 44.Qd8+  1-0

[Event "Empresa A"]
[Site "Montreal CAN"]
[Date "2006.08.14"]
[Round "7"]
[White "Sutovsky,E"]
[Black "Onischuk,Al"]
[Result "1/2-1/2"]
[WhiteElo "2607"]
[BlackElo "2668"]

1.e4 e5 2.Nf3 Nc6 3.Bb5 a6 4.Ba4 Nf6 5.O-O Bc5 6.c3 b5 7.Bb3 d6 8.a4 Bg4
9.axb5 axb5 10.Rxa8 Qxa8 11.h3 Bh5 12.d3 O-O 13.Bg5 Nd7 14.g4 Bg6 15.Bd5 h6
16.b4 hxg5 17.bxc5 Nxc5 18.Nxg5 Qd8 19.Bxc6 Qxg5 20.Bxb5 f5 21.Bc4+ Kh7 22.exf5 Rxf5
23.h4 Qxh4 24.gxf5 Qg5+ 25.Kh2 Qh4+  1/2-1/2

[Event "Empresa A"]
[Site "Montreal CAN"]
[Date "2006.08.15"]
[Round "8"]
[White "Onischuk,Al"]
[Black "Gulko,B"]
[Result "1/2-1/2"]
[WhiteElo "2668"]
[BlackElo "2570"]

1.d4 Nf6 2.c4 e6 3.Nc3 Bb4 4.Qc2 c5 5.dxc5 O-O 6.a3 Bxc5 7.Nf3 b6 8.Bf4 Nh5
9.Bg3 h6 10.e3 Bb7 11.Be2 Be7 12.Rd1 Nxg3 13.hxg3 d6 14.g4 Nd7 15.Nb5 Nc5
16.g5 Be4 17.Qd2 Bxg5 18.Nxd6 Bh7 19.Ne5 Bf6 20.Ng4 Be7 21.b4 Ne4 22.Nxe4 Bxe4
23.Qc3 Qc7 24.Nxh6+ gxh6 25.Rxh6 e5 26.Bd3 Kg7 27.Rh5 Bg6 28.Bxg6 fxg6 29.Qxe5+ Qxe5
30.Rxe5 Bf6 31.Rb5 Rac8 32.c5 bxc5 33.Rd7+ Rf7 34.Rxf7+ Kxf7 35.Rb7+ Ke6
36.bxc5 Rxc5 37.Rxa7 Rc2 38.Ra6+ Kf7 39.a4 Ra2 40.g3 Bc3+ 41.Kf1 Ra1+ 42.Ke2 Ra2+
43.Kf1 Ra1+  1/2-1/2

[Event "1st GMA Cup"]
[Site "Manila PHI"]
[Date "2006.11.17"]
[Round "1"]
[White "Pacis,A"]
[Black "Onischuk,Al"]
[Result "0-1"]
[WhiteElo "2289"]
[BlackElo "2668"]

1.e4 e5 2.Nf3 Nc6 3.Bc4 Nf6 4.d3 Be7 5.O-O O-O 6.a3 d5 7.exd5 Nxd5 8.h3 Kh8
9.Nc3 Nxc3 10.bxc3 f5 11.Rb1 a6 12.d4 e4 13.Nh2 b5 14.Ba2 Na5 15.f3 Bb7 16.a4 bxa4
17.c4 exf3 18.Nxf3 Be4 19.d5 Rb8 20.Bd2 Nb7 21.Bc3 Bf6 22.Bb4 c5 23.Ba3 Qc7
24.Qd2 Nd6 25.Rxb8 Rxb8 26.Ng5 Bxg5 27.Qxg5 Bxc2 28.Re1 Ne4 29.Qxf5 Qg3 30.Rf1 h6
31.Bc1 Nd2 32.Qxc2 Nxf1 33.Kxf1 Rf8+ 34.Kg1 Qe1+ 35.Kh2 Rf1  0-1

[Event "1st GMA Cup"]
[Site "Manila PHI"]
[Date "2006.11.18"]
[Round "3"]
[White "Laylo,D"]
[Black "Onischuk,Al"]
[Result "0-1"]
[WhiteElo "2448"]
[BlackElo "2668"]

1.d4 Nf6 2.Nf3 e6 3.c4 b6 4.Nc3 Bb4 5.e3 O-O 6.Bd3 Bb7 7.O-O d5 8.a3 Bxc3
9.bxc3 dxc4 10.Bxc4 c5 11.Qe2 Nbd7 12.Bd3 Be4 13.Bb2 Rc8 14.Ba6 cxd4 15.Bxc8 d3
16.Qd1 Qxc8 17.Nd2 Bb7 18.c4 Rd8 19.f3 Qc5 20.Qe1 e5 21.Qf2 Qe7 22.e4 Nc5
23.Rab1 Nfd7 24.Rfd1 Bc6 25.Nf1 Ba4 26.Rd2 Bc2 27.Rxc2 dxc2 28.Qxc2 Ne6 29.Ne3 Qc5
30.Qf2 Ndf8 31.Nd5 Nd4 32.Bxd4 exd4 33.Rd1 Ne6 34.f4 Qxc4 35.f5 Nc5 36.f6 g6
37.Qf4 Ne6 38.Qh6 Qe2 39.Ne7+ Kh8 40.Qd2 Qxe4 41.Re1 Qh4 42.Rf1 d3 43.Kh1 Qe4
44.Re1 Qf4 45.Qxf4 Nxf4 46.Nc6 d2 47.Rd1 Rd5 48.Kg1 Ne2+  0-1

[Event "1st GMA Cup"]
[Site "Manila PHI"]
[Date "2006.11.19"]
[Round "4"]
[White "Onischuk,Al"]
[Black "Belov,Vl"]
[Result "1-0"]
[WhiteElo "2668"]
[BlackElo "2589"]

1.d4 Nf6 2.c4 g6 3.Nc3 d5 4.Nf3 Bg7 5.Qb3 dxc4 6.Qxc4 O-O 7.e4 Na6 8.Be2 c5
9.d5 e6 10.O-O exd5 11.exd5 Bf5 12.Be3 Qb6 13.b3 Rfe8 14.Rad1  1-0

[Event "1st GMA Cup"]
[Site "Manila PHI"]
[Date "2006.11.21"]
[Round "7"]
[White "Zhang Zhong"]
[Black "Onischuk,Al"]
[Result "1/2-1/2"]
[WhiteElo "2609"]
[BlackElo "2668"]

1.e4 e5 2.Nf3 Nc6 3.Bb5 a6 4.Ba4 Nf6 5.d3 d6 6.c3 g6 7.Bg5 Bg7 8.Nbd2 O-O
9.Nf1 h6 10.Bh4 g5 11.Bg3 d5 12.N1d2  1/2-1/2

[Event "1st GMA Cup"]
[Site "Manila PHI"]
[Date "2006.11.22"]
[Round "8"]
[White "Onischuk,Al"]
[Black "Mikhalevski,V"]
[Result "1/2-1/2"]
[WhiteElo "2668"]
[BlackElo "2580"]

1.d4 Nf6 2.c4 g6 3.Nc3 d5 4.Nf3 Bg7 5.Qb3 dxc4 6.Qxc4 O-O 7.e4 a6 8.Be2 b5
9.Qb3 c5 10.dxc5 Bb7 11.O-O Nxe4 12.Nxe4 Bxe4 13.Rd1 Qa5 14.Ng5 Bc6 15.Qh3 h6
16.Nf3 Qb4 17.Bxh6 Qxb2 18.Bxg7 Qxg7 19.Ng5 Ra7 20.Rac1 Rd7 21.Bg4 Rxd1+
22.Rxd1 Qh8 23.Qe3 Qf6 24.h4 Kg7 25.Rd4 e5 26.Rd6 Qf4 27.Qxf4 exf4 28.h5 gxh5
29.Bxh5 Re8 30.Bxf7 Re1+ 31.Kh2  1/2-1/2

[Event "8th Karpov"]
[Site "Poikovsky RUS"]
[Date "2007.03.15"]
[Round "1"]
[White "Alekseev,Evgeny"]
[Black "Onischuk,Al"]
[Result "1/2-1/2"]
[WhiteElo "2661"]
[BlackElo "2663"]

1.c4 e5 2.Nc3 Nf6 3.Nf3 Nc6 4.d3 Bb4 5.Bd2 O-O 6.e3 d5 7.cxd5 Nxd5 8.Be2 Nxc3
9.Bxc3 Qe7 10.O-O Bf5 11.Qb3 Bxc3 12.bxc3 b6 13.d4 exd4 14.cxd4 Na5 15.Qd5 Be4
16.Qg5 Qxg5 17.Nxg5 Bb7 18.Rfd1 Rac8 19.Rac1 h6 20.Nf3 Rfd8 21.Kf1 c5 22.dxc5 Rxd1+
23.Rxd1 Rxc5 24.Rd8+ Kh7 25.Bd3+ g6 26.Ke2 Kg7 27.Rd4 Nc6 28.Rc4 Rxc4 29.Bxc4 Na5
30.Bd3 Bd5 31.Bb1 Kf6 32.e4 Be6 33.Kd3 Nc6 34.Kc3 b5 35.a3 a5 36.Nd4 b4+
37.axb4 axb4+ 38.Kd3 Ne5+ 39.Ke2 Bc4+ 40.Kd2 Ng4 41.Nc2 Nxf2 42.Nxb4 Ke5
43.Nc6+ Kd6  1/2-1/2

[Event "8th Karpov"]
[Site "Poikovsky RUS"]
[Date "2007.03.18"]
[Round "4"]
[White "Onischuk,Al"]
[Black "Jakovenko,D"]
[Result "1/2-1/2"]
[WhiteElo "2663"]
[BlackElo "2691"]

1.d4 Nf6 2.c4 e6 3.Nf3 b6 4.g3 Ba6 5.b3 Bb4+ 6.Bd2 Be7 7.Bg2 c6 8.Bc3 d5
9.Ne5 Nfd7 10.Nxd7 Nxd7 11.Nd2 O-O 12.O-O Rc8 13.e4 b5 14.Re1 bxc4 15.bxc4 dxc4
16.Qc2 Re8 17.Rad1 Bf8 18.Nf1 Qc7 19.Ne3 Nb6 20.a4 Rcd8 21.Bf1 c5 22.d5 exd5
23.exd5 h6 24.Ba5 Qd7 25.Bxb6 axb6 26.Bxc4 Bxc4 27.Nxc4 Rxe1+ 28.Rxe1 Qxd5
29.Nxb6 Qc6 30.a5 g6 31.Rb1 Rb8 32.Qa2 Rb7 33.Rd1 Ra7 34.Rd8 Qb5 35.Nc4 Re7
36.Qa1 Rb7 37.Qc3 Qc6 38.Qd3 Kg7 39.Nb6 Be7 40.Rd7 c4 41.Qd4+ Bf6 42.Rd6 Bxd4
43.Rxc6 c3 44.Rc4 Be5 45.Nd5 Rb5  1/2-1/2

[Event "8th Karpov"]
[Site "Poikovsky RUS"]
[Date "2007.03.19"]
[Round "5"]
[White "Zhang Pengxiang"]
[Black "Onischuk,Al"]
[Result "1/2-1/2"]
[WhiteElo "2643"]
[BlackElo "2663"]

1.e4 e5 2.Nf3 Nc6 3.d4 exd4 4.Nxd4 Nf6 5.Nc3 Bb4 6.Nxc6 bxc6 7.Bd3 d5 8.exd5 cxd5
9.O-O O-O 10.Bg5 c6 11.h3 h6 12.Bh4 Bd6 13.Ne2 c5 14.c3 Rb8 15.b3 Re8 16.Re1  1/2-1/2

[Event "8th Karpov"]
[Site "Poikovsky RUS"]
[Date "2007.03.21"]
[Round "6"]
[White "Onischuk,Al"]
[Black "Sutovsky,E"]
[Result "1-0"]
[WhiteElo "2663"]
[BlackElo "2629"]

1.d4 Nf6 2.c4 g6 3.Nc3 d5 4.Nf3 Bg7 5.Qb3 dxc4 6.Qxc4 O-O 7.e4 a6 8.Be2 b5
9.Qb3 c5 10.dxc5 Bb7 11.O-O Nxe4 12.Nxe4 Bxe4 13.Bf4 Bd5 14.Qe3 Nc6 15.Rad1 e6
16.Ne5 Qc8 17.Nxc6 Qxc6 18.Bf3 Bxb2 19.Bxd5 exd5 20.Qb3 Qf6 21.Bd6 Rfe8 22.Qxd5 Rad8
23.h3 Re2 24.Rd2 Rxd2 25.Qxd2 Bd4 26.Qe2 Qe6 27.Qxe6 fxe6 28.Rc1 Kf7 29.c6 e5
30.c7 Rc8 31.Bb4 Ke6 32.Kf1 e4 33.Rc6+ Ke5 34.Rxa6 e3 35.fxe3 Bxe3 36.Ke2 Bg1
37.Bd6+ Kd5 38.Bg3 Bc5 39.Kd3 Be7 40.Rb6  1-0

[Event "8th Karpov"]
[Site "Poikovsky RUS"]
[Date "2007.03.22"]
[Round "7"]
[White "Bologan,V"]
[Black "Onischuk,Al"]
[Result "1/2-1/2"]
[WhiteElo "2658"]
[BlackElo "2663"]

1.e4 e5 2.Nf3 Nc6 3.Bb5 a6 4.Ba4 Nf6 5.O-O Bc5 6.c3 b5 7.Bc2 d5 8.exd5 Qxd5
9.d4 exd4 10.Re1+ Be7 11.Bb3 Qd8 12.Nxd4 Nxd4 13.Qxd4 O-O 14.Qxd8 Bxd8 15.Bf4 Bb7
16.Nd2 Re8 17.Nf3 Rxe1+ 18.Rxe1 c5 19.c4 Rc8 20.Ne5 b4 21.Nd3 Be4 22.Re3  1/2-1/2

[Event "8th Karpov"]
[Site "Poikovsky RUS"]
[Date "2007.03.24"]
[Round "9"]
[White "Tkachiev,V"]
[Black "Onischuk,Al"]
[Result "1/2-1/2"]
[WhiteElo "2649"]
[BlackElo "2663"]

1.d4 Nf6 2.c4 e6 3.g3 d5 4.Bg2 Be7 5.Nf3 O-O 6.O-O dxc4 7.Qc2 a6 8.a4 Bd7
9.Qxc4 Bc6 10.Bg5 Bd5 11.Qc2 Be4 12.Qc1 h6 13.Bxf6 Bxf6 14.Nc3 Bxf3 15.Bxf3 c6
16.e3 a5 17.Ne4 Nd7 18.Rd1 Qe7 19.Qc2 Rfd8 20.Rd2 g6 21.Rad1 Bg7 22.h4 Nf6
23.Nxf6+ Bxf6 24.Qc4 Rd7 25.b3 Rad8 26.Rd3 Qb4 27.Qxb4 axb4 28.Be2 e5 29.dxe5 Rxd3
30.Rxd3 Rxd3 31.Bxd3 Bxe5  1/2-1/2

[Event "TCh-UKR"]
[Site "Alushta UKR"]
[Date "2007.04.23"]
[Round "2"]
[White "Onischuk,Al"]
[Black "Zubov,A UKR"]
[Result "1/2-1/2"]
[WhiteElo "2663"]
[BlackElo "2542"]

1.d4 Nf6 2.c4 e6 3.Nc3 Bb4 4.Qc2 O-O 5.e4 d6 6.a3 Bxc3+ 7.bxc3 e5 8.Bd3 c5
9.Ne2 Nc6 10.d5 Ne7 11.f3 Ne8 12.O-O Ng6 13.Be3 Qh4 14.Qd2 h6 15.g3 Qh3 16.Kh1 Nf6
17.g4 Nh7 18.Qe1 Qh4 19.Qg3 Qxg3 20.hxg3 Bd7 21.a4 a5 22.Rfb1 Rfb8 23.Bc2 b6
24.Kg2 f6 25.Rb2 Rb7 26.Rab1 Rab8 27.Nc1 Kf7 28.Nd3 Bc8 29.Nf2 Ke8 30.Bd2 Kd8
31.Nd1 Ng5 32.Ne3 Kc7 33.Nf5 Bxf5 34.gxf5 Ne7 35.f4 Nf7 36.Bd1 Rf8 37.Bh5 Nc8
38.Be3 Nd8 39.Kf3 Rh8 40.Rh1 Rf8 41.Rh4 Kb8 42.Rg4 Ka7 43.Rh2 Rh8 44.Rhh4 Re7
45.Rg6 Kb7 46.Kf2 Kc7 47.Bf3 Rf8 48.Bh5 Rh8 49.Rhg4 Rh7 50.Ke2 Kd7 51.Kd3 Kc7
52.Bf2 Kd7 53.Bg1 Kc7 54.Be3 Kd7 55.Rh4 Rh8 56.Rh2 Kc7 57.Rh1 Kd7 58.Bf3 Kc7
59.Rh2 Rf7 60.Rh4 Kd7 61.Rhg4 Rh7 62.Kd2 Kc7 63.Ke1 Kd7 64.Kf2 Kc7 65.Kg2 Kd7
66.Kh3 Ne7 67.Rh4 Rh8 68.Kg4 Kc7 69.Kh5 Kd7 70.Rh2 Kc7 71.Rh1 Nb7 72.Rh4 Kd7
73.Rhg4 Rh7 74.Rh4 Kc7 75.Rh2 Rh8 76.Rb2 Nc8 77.Rg4 Rd7  1/2-1/2